000 00620nam a2200241Ia 4500
001 53501
005 20240114005347.0
007 ta
008 110202s2008 g b000 u asm u
040 _aCotton College,Assam
041 _aasm
082 _a891.4109
_bDe 494 Sa
100 _aDevi, Dr.Manjula .
245 0 _aSahity-Bitan /
_cDr.Manjula Devi.
_hTextual Documents
250 _aIst ed. /
260 _aGuwahati :
_bRafiquz Zaman ,
_c2008.
300 _a131pg ;
_c18cm.
653 _aSahity-Bitan
653 _aDeptt- Assamese
942 _2ddc
_cBK
999 _c53464
_d53464